Представление документа в формате MARC21

Поле Инд. ПП Название Значение
Тип записи a
Библиографический уровень m
001 Контрольный номер UNIDUBNAbe98c65ea1544c9f8fea74b5169d37b1
005 Дата корректировки 20260507172729.5
008 Кодируемые данные 20260507
022 a ISSN 1609-4646
084 a Индекс другой классификации/Индекс ББК 74
090 a Полочн. индекс 95.2
099 a Индекс 87887
245 a Заглавие Инновации в образовании
n Номер части/ раздела №4/2026
c Ответственность учредитель: НОУ "Современный гуманитарный институт"; гл. ред. И. В. Сыромятников
260 c Дата издания 2026
b Издательство Современный Гуманитарный Университет
a Место издания Москва
300 a Объем 140 с.
500 a Примечание Журнал
650 a Основная рубрика образование
773 w Контрольный № источника RU/IS/BASE/404489067
901 t Тип документа s
952 a Тип литературы для КСУ ВШ НЖ
991 s 6